3 Biggest Cities in each Region of Bangladesh - Statistics

General Stats
  • This quiz has been taken 6 times
  • The average score is 18 of 24
Answer Stats
Region + Rank Population City % Correct
Chittagong 1 5,607,155 Chittagong
100%
Dhaka 1 21,509,852 Dhaka
100%
Khulna 1 1,602,648 Khulna
100%
Mymensingh 1 776,927 Mymensingh
100%
Rajshahi 1 1,221,948 Rajshahi
100%
Rangpur 1 1,060,012 Rangpur
100%
Sylhet 1 1,480,059 Sylhet
100%
Barisal 1 502,486 Barishal
80%
Chittagong 2 1,511,166 Comilla
80%
Dhaka 2 3,210,790 Gazipur
80%
Dhaka 3 1,152,958 Narayanganj
80%
Barisal 2 78,670 Bhola
60%
Rajshahi 2 635,110 Bogura
60%
Chittagong 3 542,754 Chandpur
60%
Rangpur 2 488,705 Dinajpur
60%
Sylhet 2 102,050 Habiganj
60%
Mymensingh 2 164,881 Jamalpur
60%
Khulna 3 266,035 Jashore
60%
Khulna 2 433,087 Kushtia
60%
Sylhet 3 90,055 Moulvibazar
60%
Rajshahi 3 270,020 Pabna
60%
Barisal 3 76,044 Patuakhali
60%
Mymensingh 3 129,700 Sherpur
60%
Rangpur 3 173,525 Saidpur
40%
No matching quizzes found
Score Distribution
Percent of People with Each Score
Percentile by Number Answered
Your Score History
You have not taken this quiz